Rock and soil rheology : proceedings of the Euromech Colloquium 196, September 10-13, 1985, Bucharest, Romania /

Bibliographic Details
Corporate Author: Euromech Colloquium Bucharest, Romania
Other Authors: Cristescu, N., Ene, Horia I.
Format: Conference Proceeding Book
Language:English
Published: Berlin ; New York : Springer-Verlag, [1988]
Series:Lecture notes in earth sciences ; 14.
Subjects:

MARC

Tag First Indicator Second Indicator Subfields
LEADER 00000cam a2200000 a 4500
001 in00000741821
005 20151016085622.0
008 880512s1988 wb a b 10010 eng
010 |a  88015091  
020 |a 038718841X (U.S. : pbk.) 
035 |a (OCoLC)17952183 
035 |9 ADH1738AM 
040 |a DLC  |c DLC  |d TXA  |d UtOrBLW 
049 |a TXAM  |c [A11145153] 
050 0 0 |a TA710.A1  |b E86 1985 
082 0 |a 624.1/513  |2 19 
111 2 |a Euromech Colloquium  |n (196th :  |d 1985 :  |c Bucharest, Romania) 
245 1 0 |a Rock and soil rheology :  |b proceedings of the Euromech Colloquium 196, September 10-13, 1985, Bucharest, Romania /  |c N. Cristescu, H.I. Ene, eds. 
264 1 |a Berlin ;  |a New York :  |b Springer-Verlag,  |c [1988] 
264 4 |c ©1988 
300 |a viii, 289 pages :  |b illustrations ;  |c 25 cm. 
336 |a text  |b txt  |2 rdacontent 
337 |a unmediated  |b n  |2 rdamedia 
338 |a volume  |b nc  |2 rdacarrier 
490 1 |a Lecture notes in earth sciences ;  |v 14 
504 |a Includes bibliographies. 
650 0 |a Soil mechanics  |v Congresses. 
650 0 |a Rock mechanics  |v Congresses. 
650 0 |a Rheology  |v Congresses. 
700 1 |a Cristescu, N. 
700 1 |a Ene, Horia I. 
830 0 |a Lecture notes in earth sciences ;  |v 14. 
999 |a MARS 
999 f f |s c660be5b-6170-3f5f-a471-e54f59cd7c78  |i 4489f8ee-38eb-3c2f-8e5a-12f53573cc7c  |t 0 
952 f f |p ric  |a Texas A&M University  |b Rellis Campus  |c Joint Library Facility  |d Remote Storage  |t 0  |e TA710.A1 E86 1985  |h Library of Congress classification  |i unmediated -- volume  |m A14811145153 
998 f f |a TA710.A1 E86 1985  |t 0  |l Remote Storage